Pays d'Amérique du Nord - Statistiques

Statistiques générales
  • Ce quiz a été pris 78 fois
  • Le résultat moyen est 15 sur 23
Réponses sur la Carte
Les réponses sont colorées sur une échelle allant du rouge au vert en fonction du pourcentage des utilisateurs qui les ont devinées à leur premier essai. Vous pouvez retrouver ces pourcentages ci-dessous.
 
Statistiques - réponses
Réponse % Correct
Mexique
94%
Canada
92%
Etats-Unis
90%
Cuba
77%
Panama
77%
République dominicaine
71%
Nicaragua
69%
Belize
67%
Honduras
65%
Bahamas
63%
Trinité-et-Tobago
63%
Costa Rica
60%
Guatemala
60%
Haïti
60%
Jamaïque
60%
Salvador
60%
Saint-Vincent-et-les-
Grenadines
58%
Barbade
54%
Antigua-et-Barbuda
52%
Sainte-Lucie
50%
Grenade
46%
Dominique
44%
Saint-Christophe-et-Niévès
42%
Aucun quiz correspondant
Distribution des résultats
% des personnes avec chaque résultat
Percentile par nombre de réponses
Votre historique - résultats
Vous n’avez pas pris ce quiz